000
00482nam a2200157Ia 4500
008
151213s9999 xx 000 0 und d
020
_a
984-843-000-8
100
_a
এ.বি .সিদ্দিক
245
_a
চুুক্তি আইন
_c
এ.বি .সিদ্দিক
260
_a
ঢাকা
_b
কামরুল বুক হাউজ
_c
2001
300
_a
5916 p.
650
_a
Law
650
_a
Law
700
_a
এ.বি .সিদ্দিক
999
_c
3421
_d
3421